La Biblia en la historia: introducción general a la Sagrada Escritura
Spremljeno u:
| Glavni autor: | |
|---|---|
| Format: | Knjiga |
| Jezik: | španjolski |
| Izdano: |
Bogotá
Pontificia Universidad Javeriana
2012
|
| Izdanje: | 1a. ed |
| Serija: | Colección Bíblica Estudios
|
| Teme: | |
| Oznake: |
Dodaj oznaku
Bez oznaka, Budi prvi tko označuje ovaj zapis!
|
MARC
| LEADER | 00000cam a2200000 a 4500 | ||
|---|---|---|---|
| 001 | UCE0551 | ||
| 003 | CL-VaPUC | ||
| 008 | 140124e20120000ck |||||||||||||||||spa|d | ||
| 020 | |a 9789587157987 | ||
| 082 | 0 | 4 | |a 220 |b BOS |2 21 |
| 100 | 0 | |a Boscolo, Gastone |e author |9 572904 | |
| 245 | 1 | 3 | |a La Biblia en la historia: introducción general a la Sagrada Escritura |
| 250 | |a 1a. ed | ||
| 300 | |a 514 p | ||
| 942 | |c BK | ||
| 945 | |d 20140124 15:34:00 |a dcastane | ||
| 260 | |a Bogotá |b Pontificia Universidad Javeriana |c 2012 | ||
| 650 | 0 | |a Biblia |9 257603 | |
| 650 | 0 | |a Antiguo testamento |9 313678 | |
| 650 | 0 | |a Nuevo testamento |9 257604 | |
| 650 | 0 | |a Sagradas escrituras |9 349657 | |
| 650 | 7 | |a ESCRITOS SAGRADOS |2 CL-VaPUC |9 436500 | |
| 583 | |a last modification |c 20140124 15:34:00 |k Rodrigo Vera | ||
| 490 | 0 | |a Colección Bíblica Estudios | |
| 999 | |c 354634 |d 354632 | ||
| 952 | |0 0 |1 0 |3 erb |4 0 |6 220_000000000000000_BOS_2012 |7 0 |8 A |9 460614 |a BIBTEO |b BIBTEO |i 5053137 |l 2 |m 5 |o 220 BOS 2012 |p 5053137 |q 2024-07-31 |r 2021-12-02 |s 2021-12-02 |w 2019-11-23 |y BK |z Catalogado en:20140124 |k ICR | ||